[Event "COL-chT 21st"]
[Site "Cartagena"]
[Date "2019.11.30"]
[Round "2.2"]
[White "Otalora Pacheco, Carlos Eduardo"]
[Black "Ortega, Daniel"]
[Result "1-0"]
[WhiteElo "2138"]
[BlackElo "1982"]
[PlyCount "79"]
[EventDate "2019.11.30"]
[EventType "team-swiss"]
[EventRounds "9"]
[EventCountry "COL"]
[SourceTitle "CBM 195 Extra"]
[Source "ChessBase"]
[SourceDate "2020.05.31"]
[SourceVersion "1"]
[SourceVersionDate "2020.05.31"]
[SourceQuality "1"]
[WhiteTeam "Boyaca"]
[BlackTeam "Sucre"]
[WhiteTeamCountry "COL"]
[BlackTeamCountry "COL"]

1. d4 d5 2. c4 e6 3. Nf3 f5 4. Nc3 c6 5. Bg5 Nf6 6. e3 Be7 7. Bd3 Ne4 8. Bxe7 Qxe7 9. 0-0 Nd7 10. Rc1 0-0 11. Ne2 Qd6 12. Ne1 b6 13. f3 Nef6 14. a3 a5 15. cxd5 cxd5 16. Bb5 Bb7 17. Nd3 Rac8 18. Qd2 Bc6 19. Bxc6 Rxc6 20. Rxc6 Qxc6 21. Rc1 Qb7 22. Qc3 Rb8 23. Qc6 Qxc6 24. Rxc6 Kf7 25. h4 Ke7 26. Nef4 Nf8 27. Ne5 N6d7 28. Rc7 Kd6 29. Ra7 Nxe5 30. dxe5+ Kxe5 31. Rxg7 d4 32. Kf2 dxe3+ 33. Kxe3 b5 34. Ra7 a4 35. Rf7 b4 36. Nd3+ Kd5 37. Nxb4+ Kc4 38. Ra7 Kb3 39. Nc6 Rb6 40. Nd4+ 1-0

[Event "COL-chT 21st"]
[Site "Cartagena"]
[Date "2019.11.30"]
[Round "5.2"]
[White "Pai, Juan David"]
[Black "Ortega, Daniel"]
[Result "1-0"]
[WhiteElo "1974"]
[BlackElo "1982"]
[PlyCount "71"]
[EventDate "2019.11.30"]
[EventType "team-swiss"]
[EventRounds "9"]
[EventCountry "COL"]
[SourceTitle "CBM 195 Extra"]
[Source "ChessBase"]
[SourceDate "2020.05.31"]
[SourceVersion "1"]
[SourceVersionDate "2020.05.31"]
[SourceQuality "1"]
[WhiteTeam "Narino"]
[BlackTeam "Sucre"]
[WhiteTeamCountry "COL"]
[BlackTeamCountry "COL"]

1. d4 d5 2. Nf3 e6 3. c4 f5 4. Nc3 c6 5. g3 Nf6 6. Bg2 Bd6 7. 0-0 Nbd7 8. b3 Ne4 9. Nxe4 fxe4 10. Bg5 Qc7 11. Nd2 h6 12. Be3 0-0 13. Qc2 Nf6 14. c5 Be7 15. Bf4 Qd8 16. f3 exf3 17. exf3 Nd7 18. b4 Bf6 19. Nb3 e5 20. Be3 Re8 21. Rfe1 Qc7 22. Rad1 Nf8 23. dxe5 Bxe5 24. Bd4 Bd7 25. Qc3 Bxd4+ 26. Nxd4 Rxe1+ 27. Rxe1 Re8 28. Rxe8 Bxe8 29. Qe3 Bg6 30. Bh3 Kh7 31. f4 Kg8 32. f5 Bf7 33. f6 b6 34. fxg7 Kxg7 35. Nf5+ Kh7 36. Qxh6+ 1-0

[Event "COL-chT rapid"]
[Site "Cartagena"]
[Date "2019.11.29"]
[Round "3.2"]
[White "Otalora Pacheco, Carlos Eduardo"]
[Black "Ortega, Daniel"]
[Result "1/2-1/2"]
[WhiteElo "2233"]
[BlackElo "1985"]
[PlyCount "21"]
[EventDate "2019.11.29"]
[EventType "team-swiss"]
[EventRounds "7"]
[EventCountry "COL"]
[SourceTitle "CBM 193 Extra"]
[Source "ChessBase"]
[SourceDate "2020.01.31"]
[SourceVersion "1"]
[SourceVersionDate "2020.01.31"]
[SourceQuality "1"]
[WhiteTeam "Boyaca"]
[BlackTeam "Sucre"]
[WhiteTeamCountry "COL"]
[BlackTeamCountry "COL"]

1. d4 d5 2. c4 e6 3. Nf3 f5 4. g3 Nf6 5. Bg2 c6 6. 0-0 Bd6 7. b3 Qe7 8. Bb2 Nbd7 9. Nc3 0-0 10. e3 b6 11. Ne2 1/2-1/2

[Event "COL-chT Interligas"]
[Site "Palmira"]
[Date "2019.04.28"]
[Round "3.2"]
[White "Guerrero Forero, Ricardo Alonso"]
[Black "Ortega, Daniel"]
[Result "0-1"]
[WhiteElo "2127"]
[BlackElo "2016"]
[PlyCount "122"]
[EventDate "2019.04.27"]
[EventType "team-swiss"]
[EventRounds "6"]
[EventCountry "COL"]
[SourceTitle "CBM 190 Extra"]
[Source "ChessBase"]
[SourceDate "2019.07.15"]
[SourceVersion "1"]
[SourceVersionDate "2019.07.15"]
[SourceQuality "1"]
[WhiteTeam "Cundinamarca"]
[BlackTeam "Sucre"]
[WhiteTeamCountry "COL"]
[BlackTeamCountry "COL"]

1. e4 e5 2. Nf3 Nc6 3. Bb5 a6 4. Ba4 Nf6 5. 0-0 Be7 6. Re1 b5 7. Bb3 d6 8. c3 Na5 9. Bc2 c5 10. d3 0-0 11. Nbd2 Ne8 12. d4 Nc6 13. a4 Bg4 14. axb5 axb5 15. Rxa8 Qxa8 16. d5 Nd8 17. Nf1 g6 18. h3 Bd7 19. Bh6 Ng7 20. Ng3 f6 21. Qc1 Nf7 22. Bxg7 Kxg7 23. b3 Qa5 24. Bd3 Ra8 25. Nd2 Bd8 26. Bb1 Bb6 27. Ngf1 Qa6 28. Ne3 Qc8 29. Bd3 f5 30. exf5 gxf5 31. c4 b4 32. Qb1 Nh6 33. f3 Bd8 34. g4 Bg5 35. Ndf1 fxg4 36. Bxh7 gxf3 37. Qg6+ Kh8 38. Qxg5 Kxh7 39. Qe7+ Kh8 40. Qxd6 Qg8+ 41. Kf2 Ra2+ 42. Re2 Rxe2+ 43. Kxf3 Rxe3+ 44. Nxe3 Qg7 45. Qxc5 Bxh3 46. Qxb4 Bg4+ 47. Kf2 Qf6+ 48. Kg1 Qf4 49. Ng2 Qd4+ 50. Kh2 Kg7 51. Qe7+ Nf7 52. Qh4 Bd1 53. Qe1 Ng5 54. Qg3 Kf6 55. Qe3 Qxe3 56. Nxe3 Bxb3 57. Kg2 Ne4 58. Kh3 Kg5 59. Ng4 Kf4 60. d6 Nxd6 61. c5 Be6 0-1

[Event "COL-ch"]
[Site "Quibdo"]
[Date "2015.11.14"]
[Round "8"]
[White "Gonzalez Parejo, Ramon Junior"]
[Black "Ortega, Daniel"]
[Result "0-1"]
[WhiteElo "2129"]
[BlackElo "1976"]
[PlyCount "47"]
[EventDate "2015.11.10"]
[EventType "swiss"]
[EventRounds "9"]
[EventCountry "COL"]
[SourceTitle "CBM 169 Extra"]
[Source "ChessBase"]
[SourceDate "2015.12.18"]
[SourceVersion "1"]
[SourceVersionDate "2015.12.18"]
[SourceQuality "1"]

1. Nc3 d5 2. e4 d4 3. Nce2 e5 4. Nf3 Bd6 5. Ng3 Be6 6. c3 c5 7. Bb5+ Nc6 8. Qa4 Nge7 9. cxd4 cxd4 10. Ng5 Bd7 11. Qb3 0-0 12. Bc4 Be8 13. Nh5 Ng6 14. Qg3 Na5 15. Bd5 Bc6 16. Bxc6 Nxc6 17. 0-0 Qc8 18. a3 Qd7 19. d3 f6 20. Nh3 f5 21. f4 fxe4 22. dxe4 exf4 23. Bxf4 Nxf4 24. N5xf4 0-1

[Event "COL-ch"]
[Site "Quibdo"]
[Date "2015.11.12"]
[Round "5"]
[White "Otero, Daniel"]
[Black "Ortega, Daniel"]
[Result "1/2-1/2"]
[WhiteElo "2179"]
[BlackElo "1976"]
[PlyCount "32"]
[EventDate "2015.11.10"]
[EventType "swiss"]
[EventRounds "9"]
[EventCountry "COL"]
[SourceTitle "CBM 169 Extra"]
[Source "ChessBase"]
[SourceDate "2015.12.18"]
[SourceVersion "1"]
[SourceVersionDate "2015.12.18"]
[SourceQuality "1"]

1. e4 e5 2. Nf3 Nc6 3. Bc4 Bc5 4. 0-0 Nf6 5. d3 d6 6. Be3 Bb6 7. Nbd2 0-0 8. a4 Be6 9. Qe2 Qd7 10. c3 Rae8 11. Bxe6 Qxe6 12. Nc4 Nd7 13. a5 Bxe3 14. Nxe3 Ne7 15. Nd2 f5 16. exf5 Nxf5 1/2-1/2

[Event "COL-ch sf"]
[Site "Medellin"]
[Date "2014.??.??"]
[Round "7"]
[White "Guerrero Sierra, Juan Carlos"]
[Black "Ortega, Daniel"]
[Result "1-0"]
[WhiteElo "2193"]
[BlackElo "1966"]
[PlyCount "57"]
[EventDate "2014.04.15"]
[EventType "swiss"]
[EventRounds "11"]
[EventCountry "COL"]
[SourceTitle "CBM 160 Extra"]
[Source "ChessBase"]
[SourceDate "2014.07.01"]
[SourceVersion "1"]
[SourceVersionDate "2014.07.01"]
[SourceQuality "1"]

1. Nf3 d5 2. c4 e6 3. g3 c6 4. b3 f5 5. Bg2 Nf6 6. 0-0 Bd6 7. Bb2 Nbd7 8. Qc2 0-0 9. Nd4 Re8 10. cxd5 Nxd5 11. d3 f4 12. Nd2 N7f6 13. Ne4 fxg3 14. hxg3 Bc7 15. Nxf6+ Qxf6 16. Nxc6 Qg5 17. Nd4 Bb6 18. e3 Rf8 19. Qe2 Bd7 20. Rac1 Nf6 21. Bxb7 e5 22. Nf3 Qh5 23. Bxe5 Ng4 24. Bd5+ Kh8 25. Qb2 Nxe5 26. Qxe5 Rf5 27. Qxf5 Bxf5 28. Bxa8 Bh3 29. Rfe1 1-0

[Event "COL-ch sf"]
[Site "Medellin"]
[Date "2014.??.??"]
[Round "4"]
[White "Ortega, Daniel"]
[Black "Cano, Luis Fernando"]
[Result "0-1"]
[WhiteElo "1966"]
[BlackElo "2240"]
[PlyCount "64"]
[EventDate "2014.04.15"]
[EventType "swiss"]
[EventRounds "11"]
[EventCountry "COL"]
[SourceTitle "CBM 160 Extra"]
[Source "ChessBase"]
[SourceDate "2014.07.01"]
[SourceVersion "1"]
[SourceVersionDate "2014.07.01"]
[SourceQuality "1"]

1. e4 c5 2. Nf3 d6 3. d4 cxd4 4. Nxd4 Nf6 5. Nc3 a6 6. Be2 e5 7. Nb3 Be7 8. 0-0 0-0 9. f4 Nbd7 10. Kh1 b5 11. a3 Bb7 12. Bf3 Rc8 13. Qe1 Re8 14. Qg3 Rxc3 15. bxc3 Nxe4 16. Qe1 Bh4 17. Qd1 Qc7 18. Bxe4 Bxe4 19. Qg4 Qd8 20. fxe5 Bxc2 21. Nd4 Nxe5 22. Qf4 Bd3 23. Rd1 g5 24. Qd2 Ng4 25. Bb2 Bc4 26. Rf1 Bxf1 27. Rxf1 Ne3 28. Rc1 Nc4 29. Qc2 Qe7 30. g3 Qe1+ 31. Rxe1 Rxe1+ 32. Kg2 Ne3+ 0-1

[Event "Bogota Students-ch 22th"]
[Site "Bogota"]
[Date "2013.11.04"]
[Round "4"]
[White "Corredor Sanchez, Fabian Ricardo"]
[Black "Ortega, Daniel"]
[Result "1-0"]
[WhiteElo "2057"]
[BlackElo "1966"]
[PlyCount "87"]
[EventDate "2013.11.03"]
[EventType "swiss"]
[EventRounds "6"]
[EventCountry "COL"]
[SourceTitle "EXT 2014"]
[Source "ChessBase"]
[SourceDate "2013.11.20"]
[SourceVersion "1"]
[SourceVersionDate "2013.11.20"]
[SourceQuality "1"]

1. e4 e5 2. Bc4 Bc5 3. Nf3 Nc6 4. 0-0 Nf6 5. d3 d6 6. c3 0-0 7. Bb3 Bg4 8. Nbd2 Ne7 9. Re1 Ng6 10. Nf1 Nh5 11. h3 Bxf3 12. Qxf3 Qh4 13. Bd1 f5 14. exf5 Rxf5 15. Qxf5 Rf8 16. Bb3+ Kh8 17. Bg5 Bxf2+ 18. Kh2 Qg3+ 19. Nxg3 Bxg3+ 20. Kg1 Rxf5 21. Be3 Bxe1 22. Rxe1 Nhf4 23. Bxa7 Rg5 24. g4 Nxh3+ 25. Kg2 Nhf4+ 26. Kf3 Nxd3 27. Rh1 Ngf4 28. Bb8 d5 29. Bxc7 e4+ 30. Ke3 Rxg4 31. Bxf4 Nxf4 32. Bd1 Ng2+ 33. Kd4 Rg5 34. a4 Nf4 35. a5 Ne6+ 36. Ke3 Rg3+ 37. Kf2 Rd3 38. Bg4 Ng5 39. Ke2 Rg3 40. Rf1 g6 41. Bc8 Rd3 42. Bxb7 Nf3 43. Rxf3 Rxf3 44. a6 1-0

[Event "Bogota Students-ch 22th"]
[Site "Bogota"]
[Date "2013.11.04"]
[Round "3"]
[White "Ortega, Daniel"]
[Black "Pantoja, Arlex"]
[Result "1-0"]
[WhiteElo "1966"]
[BlackElo "1778"]
[PlyCount "61"]
[EventDate "2013.11.03"]
[EventType "swiss"]
[EventRounds "6"]
[EventCountry "COL"]
[SourceTitle "EXT 2014"]
[Source "ChessBase"]
[SourceDate "2013.11.20"]
[SourceVersion "1"]
[SourceVersionDate "2013.11.20"]
[SourceQuality "1"]

1. e4 e5 2. Nf3 Nc6 3. Bb5 Bc5 4. 0-0 Nf6 5. c3 0-0 6. d4 Bb6 7. Bg5 d6 8. d5 Nb8 9. Nbd2 c6 10. Bd3 Qe7 11. Re1 Bg4 12. Nf1 h6 13. Bxf6 Qxf6 14. N1d2 Nd7 15. c4 Rfe8 16. b4 Nf8 17. h3 Bd7 18. Nb3 Ng6 19. c5 Bc7 20. cxd6 Qxd6 21. Nc5 b6 22. Nxd7 Qxd7 23. dxc6 Qxc6 24. Rc1 Qd6 25. Qb3 Qe7 26. Bc4 Bd6 27. a3 a5 28. Red1 Rf8 29. Bd5 Rab8 30. Rc6 axb4 31. Rxd6 1-0

[Event "Cartagena Fonducar Juniors Cup 5th"]
[Site "Cartagena"]
[Date "2013.08.17"]
[Round "2.2"]
[White "Pabon Sarmiento, Juan Pablo"]
[Black "Ortega, Daniel"]
[Result "0-1"]
[WhiteElo "1845"]
[BlackElo "1966"]
[PlyCount "72"]
[EventDate "2013.08.16"]
[EventType "swiss"]
[EventRounds "7"]
[EventCountry "COL"]
[SourceTitle "EXT 2024"]
[Source "ChessBase"]
[SourceDate "2023.10.10"]
[SourceVersion "1"]
[SourceVersionDate "2023.10.10"]
[SourceQuality "1"]

1. e4 e5 2. Nf3 Nc6 3. Bc4 Bc5 4. c3 Nf6 5. d3 0-0 6. 0-0 d6 7. Nbd2 a6 8. Bb3 b5 9. Bc2 Bb6 10. Nb3 Ne7 11. Be3 c5 12. Rc1 Ng6 13. c4 Ng4 14. Bg5 f6 15. Be3 f5 16. Bg5 Nf6 17. exf5 Bxf5 18. Nh4 Nxh4 19. Bxh4 Qe8 20. Qf3 Qg6 21. Qc6 bxc4 22. Bxf6 Qxf6 23. Qxb6 cxb3 24. Bxb3+ Kh8 25. Bd5 Rab8 26. Qxa6 Rxb2 27. Bb3 Bc8 28. Qa5 Rxf2 29. Qe1 Rf4 30. g3 Rf5 31. a4 Qg5 32. Rxf5 Bxf5 33. Bc4 Bh3 34. Qc3 Qe3+ 35. Kh1 Qf3+ 36. Kg1 Qg2# 0-1

[Event "North Region-ch U18"]
[Site "Cartagena"]
[Date "2012.04.22"]
[Round "6.4"]
[White "Lugo Lozano, Luz Adriana"]
[Black "Ortega, Daniel"]
[Result "1-0"]
[WhiteElo "1933"]
[BlackElo "1685"]
[PlyCount "36"]
[EventDate "2012.04.19"]
[EventType "swiss"]
[EventRounds "6"]
[EventCountry "COL"]
[SourceTitle "EXT 2024"]
[Source "ChessBase"]
[SourceDate "2023.10.10"]
[SourceVersion "1"]
[SourceVersionDate "2023.10.10"]
[SourceQuality "1"]

1. d4 d5 2. Bf4 e6 3. Nf3 Nf6 4. e3 Bd6 5. Ne5 Nbd7 6. Nd2 h6 7. Bd3 g5 8. Bg3 h5 9. h4 g4 10. c3 Nb6 11. f3 Rg8 12. fxg4 Nxg4 13. Qf3 f5 14. 0-0-0 Bd7 15. Bf4 Be7 16. g3 Bf6 17. Nxg4 hxg4 18. Qf2 Rh8 1-0

[Event "North Region-ch U18"]
[Site "Cartagena"]
[Date "2012.04.20"]
[Round "4.4"]
[White "Ortega, Daniel"]
[Black "Ibarra Sarabia, Giancarlo"]
[Result "1-0"]
[WhiteElo "1685"]
[BlackElo "1602"]
[PlyCount "37"]
[EventDate "2012.04.19"]
[EventType "swiss"]
[EventRounds "6"]
[EventCountry "COL"]
[SourceTitle "EXT 2024"]
[Source "ChessBase"]
[SourceDate "2023.10.10"]
[SourceVersion "1"]
[SourceVersionDate "2023.10.10"]
[SourceQuality "1"]

1. e4 c5 2. Nf3 d6 3. d4 cxd4 4. Nxd4 Nf6 5. Nc3 Nc6 6. Be2 Bd7 7. Be3 g6 8. 0-0 Bg7 9. Qd2 0-0 10. f4 Ng4 11. Nxc6 bxc6 12. Bxg4 Bxg4 13. f5 gxf5 14. exf5 e6 15. f6 Bxf6 16. Bh6 Bg7 17. Bxg7 Kxg7 18. Qd4+ e5 19. Qxg4+ 1-0